[Event "Bucaramanga Santander-ch"]
[Site "Bucaramanga"]
[Date "2023.04.01"]
[Round "4"]
[White "Nino Villareal, Jairo Esteban"]
[Black "Hernandez Sandoval, Silvia Nathalia"]
[Result "1-0"]
[WhiteElo "1600"]
[BlackElo "1277"]
[PlyCount "81"]
[EventDate "2023.03.31"]
[EventType "swiss"]
[EventRounds "7"]
[EventCountry "COL"]
[SourceTitle "CBM 213 Extra"]
[Source "ChessBase"]
[SourceDate "2023.05.31"]
[SourceVersion "1"]
[SourceVersionDate "2023.05.31"]
[SourceQuality "1"]

1. e4 c5 2. Nf3 d6 3. d4 cxd4 4. Nxd4 Nf6 5. Nc3 g6 6. Be3 Bg7 7. f3 Nc6 8. Nxc6 bxc6 9. Qd2 0-0 10. Bc4 a5 11. 0-0-0 a4 12. h4 Qa5 13. Bh6 a3 14. Bxg7 axb2+ 15. Kb1 Kxg7 16. Qd4 c5 17. Qd2 Be6 18. Nd5 Qa7 19. h5 Bxd5 20. exd5 Qb6 21. hxg6 fxg6 22. g4 Rxa2 23. Bxa2 Ra8 24. Qc3 Rxa2 25. Kxa2 Qa6+ 26. Qa3 Qc4+ 27. Kxb2 Nxd5 28. Qb3 Qxb3+ 29. Kxb3 Ne3 30. Rde1 c4+ 31. Kb2 Nd5 32. Rd1 Ne3 33. Rhe1 Nxd1+ 34. Rxd1 Kf6 35. Rd5 Ke6 36. Ra5 d5 37. Kc3 Ke5 38. Ra7 Kf6 39. Kd4 e6 40. Rxh7 Kg5 41. Ke5 1-0